Normal view MARC view
  • Library Association

Entry Corporate Name

Number of records used in: 1

001 - CONTROL NUMBER

  • control field: 5446

003 - CONTROL NUMBER IDENTIFIER

  • control field: SIRSI

005 - DATE AND TIME OF LATEST TRANSACTION

  • control field: 20190806150243.0

008 - FIXED-LENGTH DATA ELEMENTS

  • fixed length control field: 071105n| acannaabn |n ana d

040 ## - CATALOGING SOURCE

  • Original cataloging agency: OSt
  • Transcribing agency: OSt

110 2# - HEADING--CORPORATE NAME

  • Corporate name or jurisdiction name as entry element: Library Association
  • Subordinate unit: Rare Books Group

670 ## - SOURCE DATA FOUND

  • Source citation: Guidelines for the cataloguing of rare books, 1999